000 00948nam a2200337 a 4500
003 AR-BaBNM
005 20251128210428.0
008 082120s2002 ||||||||||||||000 | spa||
020 _a0-07-052790-3
040 _cAR-BaBNM
100 1 _aRiesman, David
245 0 0 _aAcademic values and mass education
250 _a1ª ed.
260 _aNew York
_bMcGraw-Hill
_c1975
300 _a331 p.
500 _aContiene referencias bibliográficas
500 _aContiene apéndices con datos estadísticos
500 _aContiene índice temático
650 4 _aUNIVERSIDADES
650 4 _aESTUDIANTES UNIVERSITARIOS
650 4 _aPROFESORES UNIVERSITARIOS
650 4 _aINVESTIGACION CIENTIFICA
651 4 _aEstados Unidos
653 _aEDUCACION SUPERIOR
653 _aGESTION UNIVERSITARIA
653 _aPOLITICAS UNIVERSITARIAS
700 1 _aGusfield, Joseph
700 1 _aGamson, Zelda
942 _cBK
998 _cRaquel
999 _c15442
_d15442